| 000 | 00686nam a2200229 a 4500 | ||
|---|---|---|---|
| 001 | BRCA_4147 | ||
| 005 | 20190320204549.0 | ||
| 008 | 150410s1945----mx-a######---#000-0#spa-# | ||
| 041 | _aspa | ||
| 044 | _amx | ||
| 050 | 4 |
_aF1391.M4 _b.C47 1945 |
|
| 100 | 1 |
_aCervantes, Enrique A. _d1935- _910708 |
|
| 245 | 1 | 0 |
_aBosquejo del desarrollo de la ciudad de Mérida _cEnrique A. Cervantes ; ilustraciones del autor. |
| 260 |
_aMéxico _bE. A. Cervantes _c1945 |
||
| 300 |
_a57 p. _bil. _c29 cm. |
||
| 500 | _aEjemplar numerado 649 de 1,000 | ||
| 500 | _aC176 | ||
| 651 | 4 |
_aMérida, Yucatán _xHistoria _910709 |
|
| 651 | 4 |
_aMéxico _xDescripción _910710 |
|
| 902 | _aGFM | ||
| 942 |
_2lcc _cB |
||
| 999 |
_c3863 _d3863 |
||